MARC details
| 000 -CABECERA |
| campo de control de longitud fija |
02581nab a2200289 a 4500 |
| 005 - FECHA Y HORA DE LA ÚLTIMA TRANSACCIÓN |
| campo de control |
20250311063806.0 |
| 008 - ELEMENTOS DE LONGITUD FIJA--INFORMACIÓN GENERAL |
| campo de control de longitud fija |
991125c2019 ag ar p o 000 0 spa d |
| 035 ## - NÚMERO DE CONTROL DEL SISTEMA |
| Número de control de sistema |
UPN01000232188 |
| 040 ## - FUENTE DE LA CATALOGACIÓN |
| Centro catalogador/agencia de origen |
MX-MxUPN |
| Lengua de catalogación |
spa |
| Centro/agencia transcriptor |
MX-MxUPN |
| Normas de descripción |
aacr2 |
| 049 ## - COLECCIÓN |
| Colección |
ART-E |
| 100 1# - ASIENTO PRINCIPAL--NOMBRE PERSONAL |
| Nombre de persona |
Contreras Cázarez, Carlos René |
| Enlace |
- renecazarez@gmail.com |
| 245 10 - MENCIÓN DE TÍTULO |
| Título |
Proceso de socialización en jóvenes de escuelas secundarias en el acceso y uso de Internet a partir de un modelo estructural |
| Medio |
[recurso electrónico en línea] |
| 506 0# - NOTA DE RESTRICCIONES AL ACCESO |
| Limitaciones de acceso |
Acceso abierto |
| 520 3# - NOTA DE RESUMEN, ETC. |
| Sumario, etc. |
El proceso de socialización ha constituido uno de los principales objetos de estudio de las ciencias sociales. A partir del siglo XXI han proliferado los estudios de acceso y uso de Internet en la infancia intermedia, así como en la adolescencia. La mayoría de estas aportaciones describen y analizan de manera útil los hábitos de consumo y preferencias de uso desde diferentes enfoques conceptuales y metodológicos. La finalidad del presente artículo es analizar y evaluar la validez y confiabilidad de un modelo estructural para el estudio de acceso y uso de Internet en los jóvenes en México. El estudio se deriva de un proyecto de investigación más amplio realizado en Hermosillo, Sonora, México en Instituciones de Educación Secundarias Públicas. La muestra está constituida por 198 alumnos. El análisis de regresiones múltiples sugirió la conformación de dos o más variables que influyen en el acceso y uso de Internet en los procesos de socialización por jóvenes de secundaria. Los resultados de las pruebas de fiabilidad del instrumento fueron más que aceptables al mostrar alfas de Cronbach con un valor >.60, permitiendo comprobar la confiabilidad de las variables bajo estudio y medir su consistencia interna. Los mismos indican que el factor de socialización influye de manera significativa en el factor de acceso y uso, dejando en claro que los jóvenes cuando acceden y usan Internet lo hacen primordialmente para fines de interacción y socialización. |
| 650 #2 - ASIENTO SECUNDARIO DE MATERIA - TERMINO TEMATICO |
| Término de materia o nombre geográfico como elemento de entrada |
Socialización |
| 9 (RLIN) |
7257 |
| 650 #2 - ASIENTO SECUNDARIO DE MATERIA - TERMINO TEMATICO |
| 9 (RLIN) |
5660 |
| Término de materia o nombre geográfico como elemento de entrada |
Jóvenes |
| 650 #4 - ASIENTO SECUNDARIO DE MATERIA - TERMINO TEMATICO |
| Término de materia o nombre geográfico como elemento de entrada |
Internet |
| 9 (RLIN) |
547 |
| 650 #7 - ASIENTO SECUNDARIO DE MATERIA - TERMINO TEMATICO |
| Término de materia o nombre geográfico como elemento de entrada |
Educación secundaria |
| Fuente del encabezamiento o término |
|
| 9 (RLIN) |
4281 |
| 653 0# - TERMINO DE INDIZACION - NO CONTROLADO |
| Término no controlado |
Competencias digitales |
| 653 0# - TERMINO DE INDIZACION - NO CONTROLADO |
| Término no controlado |
Modelos estructurales |
| 773 ## - ENLACE AL DOCUMENTO FUENTE/ENTRADA DE REGISTRO ANFITRIÓN |
| Parte(s) relacionada(s) |
No. 14 (2019), p. 1-28 |
| Título |
Educación, lenguaje y sociedad |
| Número Internacional Normalizado para Publicaciones Seriadas |
2545-7667 |
| 856 40 - LOCALIZACIÓN Y ACCESO ELECTRÓNICOS |
| Identificador Uniforme del Recurso |
<a href="https://cerac.unlpam.edu.ar/index.php/els/article/view/3864/3921">https://cerac.unlpam.edu.ar/index.php/els/article/view/3864/3921</a> |
| 856 40 - LOCALIZACIÓN Y ACCESO ELECTRÓNICOS |
| Identificador Uniforme del Recurso |
<a href="http://dx.doi.org/10.19137/els-2019-161604">http://dx.doi.org/10.19137/els-2019-161604</a> |
| 902 ## - ELEMENTOS DE DATOS B LOCAL, LDB (RLIN) |
| Creó |
GloriaJiménez/251022 |
| Modificó |
GloriaJiménez/251022 |
| 905 ## - TIPO DE MATERIAL |
| Tipo de material |
Articulo |
| 942 ## - ELEMENTOS DE PUNTO DE ACCESO ADICIONAL (KOHA) |
| Tipo de ítem Koha |
Artículo Electrónico |